| 000 | 01557nam a22003977a 4500 | ||
|---|---|---|---|
| 003 | CHAP | ||
| 005 | 20220329141136.0 | ||
| 008 | 971010s1972 r 00010 d | ||
| 010 | _a63277 | ||
| 011 | _a64249 | ||
| 035 | _a69519 | ||
| 040 | _cCHAP | ||
| 082 | 0 | 4 |
_a574 _bA53Y |
| 110 | 2 |
_aAmerican Institute of Biological Sciences. Biological Sciences Curriculum Study _95251 |
|
| 245 | 1 | 0 |
_aCiencias biológicas _b: de las moléculas al hombre |
| 260 |
_aMéxico, D.F. : _bCECSA, _c1972 |
||
| 300 |
_a999 p. _b: ilus. |
||
| 500 | _aAdaptación de la versión azul del BSCS. | ||
| 590 |
_aBATCH-UPD _b10 _c20130110 _lUCH01 _h0421 |
||
| 590 |
_aBATCH-UPD _b10 _c20130410 _lUCH01 _h0056 |
||
| 590 |
_aBATCH-UPD _b10 _c20130914 _lUCH01 _h0634 |
||
| 590 |
_aCONVERSION _b10 _c20130109 _lUCH01 _h1334 |
||
| 650 | 4 |
_aBiología. _912773 |
|
| 650 | 4 |
_aEvolución. _939007 |
|
| 650 | 4 |
_aGenética. _947469 |
|
| 700 | 0 |
_aEducational Programs Improvement Corporation. Caracas. _935699 |
|
| 901 | _aBK | ||
| 942 | _cLIBRO | ||
| 949 |
_a574 A53Y _bBC _cLIBRO _d-59485 _eLIBRO _fc.10 _h35104 _i69519 _si |
||
| 949 |
_a574 A53Y _bBC _cLIBRO _d33724000457800 _eLIBRO _fc.9 _h35103 _i69519 _si |
||
| 949 |
_a574 A53Y _bBC _cLIBRO _d33724000457909 _eLIBRO _h17590 _i69519 _si |
||
| 949 |
_a574 A53Y _bBC _cLIBRO _d33724000581674 _eLIBRO _fc.6 _h35100 _i69519 _si |
||
| 949 |
_a574 A53Y _bBC _cLIBRO _d33724000828182 _eLIBRO _fc.5 _h35899 _i69519 _si |
||
| 949 |
_a574 A53Y _bBC _cLIBRO _d33724000834453 _eLIBRO _fc.12 _h60817 rep. _i69519 _si |
||
| 949 |
_a574 A53Y _bBC _cMUT _d-59477 _eMUT _fc.7 _h35101 _i69519 _si |
||
| 999 |
_c63277 _d63277 |
||